Netreba sa báť zmien - "ísť proti prúdu" !

Stretnutie organizované Združením pre riadenie a rozvoj ľudských zdrojov pod názvom "Praktické skúsenosti v riadení ľudských zdrojov: motivácia a odmeňovanie 2011".

Saved in:
Bibliographic Details
Main Author: Hubocká, Miroslava
Other Authors: Paluchová, Monika, Pastieriková, Jaroslava
Format: Book Chapter
Language:Slovak
Subjects:
Tags: Add Tag
No Tags, Be the first to tag this record!

MARC

LEADER 00000naa a2200000 4500
001 0134321
005 20231116121754.7
041 0 |a slo 
044 |a SK 
245 1 0 |a Netreba sa báť zmien - "ísť proti prúdu" !  |c Miroslava Hubocká, Monika Paluchová, Jaroslava Pastieriková 
520 |a Stretnutie organizované Združením pre riadenie a rozvoj ľudských zdrojov pod názvom "Praktické skúsenosti v riadení ľudských zdrojov: motivácia a odmeňovanie 2011". 
610 2 0 |a manažment personálny 
610 2 0 |a riadenie ľudských zdrojov 
610 2 0 |a riadenie zmien 
610 2 0 |a vedenie ľudí 
610 2 0 |a koučovanie 
610 2 0 |a hodnotenie pracovníkov 
610 2 0 |a odmeňovanie 
610 2 0 |a motivácia pracovná 
610 2 0 |a podnety k práci 
100 1 |a Hubocká, Miroslava 
700 1 |a Paluchová, Monika 
700 1 |a Pastieriková, Jaroslava